00482nam a22001577a 450000500170000001000150001702000110003203500140004303700130005708200080007010000140007824500730009226000380016527000910020330000300029420220923113558.0 aENG-135000 c120.00 aEN-118532 bDBAD/PUB a155 aRaju,C.S. a100 Tips to score high marks with holistic development/cby C.S.Raju aChennaibSri Sai Publishersc2013 aPlot-116 Rajagopalan Street Devi Karumari Amman Nagar Valasaravakkam,bChennaie600026 a160p.:billus.c22cm(pbk)